Class, caste, gender (Record no. 394684)

MARC details
000 -LEADER
fixed length control field 00517 a2200205 4500
005 - DATE & TIME
control field 20260314094822.0
008 - FIXED-LENGTH DATA ELEMENTS--GENERAL INFORMATION
fixed length control field 260313b |||||||| |||| 00| 0 eng d
020 ## - ISBN
International Standard Book Number 9789350029052
Price Rs. 795.00
040 ## - CATALOGING SOURCE
Original cataloging agency VIVEKANANDA LIBRARY
082 ## - DDC NUMBER
Classification number 305.51220954
Book Number M726C
100 ## - MAIN ENTRY--PERSONAL NAME
Personal name Mohanty, Manoranjan, ed.
245 ## - TITLE STATEMENT
Title Class, caste, gender
260 ## - PUBLICATION, DISTRIBUTION, ETC. (IMPRINT)
Name of publisher, distributor, etc Aakar Books
Place of publication, distribution, etc Delhi
Date of publication, distribution, etc 2024
300 ## - PHYSICAL DESCRIPTION
Pages 439
650 ## - Subject
Subject Socialogy
650 ## - Subject
Subject Caste Groups
650 ## - Subject
Subject Social Classes
650 ## - Subject
Subject Caste System-India
942 ## - ADDED ENTRY ELEMENTS (KOHA)
Koha item type Books
Holdings
Withdrawn status Lost status Source of classification or shelving scheme Damaged status Not for loan Location (home branch) Sublocation or collection (holding branch) Shelving location Date acquired Koha issues (times borrowed) Koha full call number Accession No. Koha date last seen Koha item type
    Dewey Decimal Classification     VIVEKANANDA LIBRARY VIVEKANANDA LIBRARY Vivekananda Library 18/02/2026 1 305.51220954 438463 24/03/2026 Books
© Designed and Maintained by Vivekananda Library, MDU Rohtak